000 00479nam a2200157 4500
001 117277
003 ES-MaACL
005 20230906190850.0
007 t|
008 070301s1910 it r ||||1| ita d
100 1 _aPastore, Annibale.
_989535
245 1 0 _aSillogismo e proporzione
_b: contributo alla teoria e alla storia della logica rusa /
_cAnnibale Pastore.
260 _aMilano [etc.] :
_bBocca,
_c1910.
300 _aXVI, 227 p. ;
_c24 cm.
852 _aES-MaACL
_jF-5949
999 _c117277
_d117277